Grand Mapper Contestants (2023 Update) - Statistics

General Stats
  • This quiz has been taken 36 times
  • The average score is 166 of 425
Answer Stats
Season Answer % Correct
12 EXTRA Days | B Season 2 (Briswall Breeze) E
87%
All-Stars | Grand Mapper | Revenge and Redemption Sundalanian
84%
Trenches of Terror | War of Elysium Sundisc
84%
GM 3.0 Sundslime
84%
12 EXTRA Days | All-Stars | B Season 1 | +4 others GreenBall
81%
B Season 2 (Briswall Breeze) Siib
77%
GM 3.0 Ankhor
74%
All-Stars | Diarchy | La Conquista | Tides of the Atlantic Interflux
74%
12 Days of Grand Mapper Longitude
74%
Olympians | Revenge & Redemption Ultimus Kamepin
71%
GM Star | Golden Horizon | Northern Lights American
68%
12 EXTRA Days | All-Stars | B Season 1 | +8 others Azalea
68%
Revenge and Redemption Canaan
68%
12 Days of Grand Mapper | All-Stars | GM 3.0 | Grand Mapper Venant
68%
12 MORE Days | Cryptic Forces | Revenge & Redemption Ultimus | War of Elysium Aham
65%
B Season 2 (Briswall Breeze) | GM 3.0 | Tidal Typhoon Arux
65%
Olympians | Revenge & Redemption Ultimus | War of Elysium Chari
65%
GM Star Cheri
65%
All-Stars | Tides of the Atlantic | War of Elysium Dual Belgium
65%
B Season 1 | B Season 2 (Briswall Breeze) | GM Star | +3 others Minkes
65%
GM 3.0 | GM Star | Tidal Typhoon Briswall
61%
Olympians | War of Elysium Frkon
61%
All-Stars | David vs. Goliath | Grand Mapper Colonial
58%
12 EXTRA Days | B Season 2 (Briswall Breeze) | Tidal Typhoon Dom
58%
12 MORE Days | Cryptic Forces | GM 3.0 | +3 others Doom
58%
David vs. Goliath Drayde
58%
All-Stars | David vs. Goliath | GM Star Holy Sealandic
58%
Northern Lights Mem
58%
GM 3.0 | GM Star | La Conquista | +2 others Russian Spy
58%
Cryptic Forces | GM 3.0 | Trenches of Terror Tetno
58%
La Conquista | War of Elysium Gulfstream
55%
David vs. Goliath Japanese
55%
GM Star Jordi
55%
B Season 2 (Briswall Breeze) | Olympians | Revenge & Redemption Ultimus Pilot
55%
Cryptic Forces | Revenge & Redemption Ultimus | War of Elysium Rojo
55%
12 Days of Grand Mapper | 12 MORE Days | GM 3.0 | +2 others Seclyria
55%
David vs. Goliath | Revenge and Redemption | War of Elysium Skeletal
55%
GM 3.0 | Golden Horizon Swiss
55%
B Season 1 | GM 3.0 | Northern Lights | Trenches of Terror Acadia
52%
12 EXTRA Days | Golden Horizon Faboomko
52%
All-Stars | Grand Mapper Korean
52%
La Conquista Kyiv
52%
B Season 1 | Olympians | Trenches of Terror Olympus
52%
All-Stars | Diarchy | Revenge and Redemption | War of Elysium Omega
52%
Northern Lights Rlcchamp
52%
David vs. Goliath | Revenge & Redemption Ultimus | War of Elysium Great British
48%
Trenches of Terror | War of Elysium Québec
48%
Diarchy BLaacK
45%
All-Stars | Diarchy | Grand Mapper | War of Elysium BlackBird
45%
All-Stars | B Season 2 (Briswall Breeze) | Tides of the Atlantic Burgenti
45%
Golden Horizon Dimanyan
45%
GM 3.0 | GM Star | Golden Horizon Duck
45%
All-Stars | David vs. Goliath | GM 3.0 | War of Elysium Hamez
45%
Northern Lights Idle Vise
45%
Tidal Typhoon Italian
45%
Cryptic Forces | War of Elysium Linearis
45%
Cryptic Forces Mythical
45%
Olympians | War of Elysium Owlz
45%
David vs. Goliath | Revenge & Redemption Ultimus | War of Elysium Simple
45%
B Season 1 | Trenches of Terror Aquamarine
42%
GM Star | La Conquista Corn
42%
Grand Mapper Hugary Countryball
42%
David vs. Goliath | Revenge and Redemption | Trenches of Terror | War of Elysium Imperialis
42%
Cryptic Forces | War of Elysium Lazer Kiwi
42%
La Conquista Maine
42%
All-Stars | GM 3.0 | Tides of the Atlantic Meme
42%
B Season 1 | GM 3.0 | GM Star Mexican
42%
Revenge and Redemption MrCorn
42%
La Conquista | Tides of the Atlantic Royal
42%
12 MORE Days Ryan Desmond
42%
Olympians Vanuatu
42%
Revenge & Redemption Ultimus | War of Elysium Vicc
42%
Tides of the Atlantic Victae
42%
Golden Horizon Eastern
39%
GM Star | Golden Horizon Fresco
39%
David vs. Goliath Great Mediterranean
39%
La Conquista | Trenches of Terror Mediterranean
39%
Tidal Typhoon Popeetoes
39%
Revenge & Redemption Ultimus | Revenge and Redemption Victor Cti
39%
Trenches of Terror Wonderwaffle
39%
David vs. Goliath | Grand Mapper Ares
35%
David vs. Goliath | Revenge & Redemption Ultimus BrasilBola
35%
Grand Mapper | Revenge and Redemption Checkmate
35%
Trenches of Terror CheezeWafflz
35%
GM Star Flem
35%
12 Days of Grand Mapper George
35%
12 Days of Grand Mapper Hydra
35%
Tides of the Atlantic HydreGod
35%
All-Stars | Diarchy | War of Elysium Oceanic
35%
Tidal Typhoon Polnoc
35%
Trenches of Terror | War of Elysium Protonian
35%
Revenge & Redemption Ultimus | Tides of the Atlantic | War of Elysium Romanian Order
35%
Diarchy | Revenge & Redemption Ultimus The Magical Noob
35%
B Season 1 | Golden Horizon Tybilos
35%
David vs. Goliath | Revenge & Redemption Ultimus Atlantic
32%
GM 3.0 Commonwealth
32%
12 MORE Days | Olympians | Revenge & Redemption Ultimus Edge
32%
12 Days of Grand Mapper Eternom
32%
Northern Lights | Trenches of Terror Fruk
32%
GM 3.0 Jeff
32%
Tidal Typhoon Jubberwocky
32%
Tidal Typhoon Liverpool
32%
GM Star Magical Noob
32%
12 Days of Grand Mapper | Revenge & Redemption Ultimus Maharlika
32%
B Season 1 | Golden Horizon | Tidal Typhoon New Abyssinia
32%
Grand Mapper | Revenge & Redemption Ultimus Poisonous
32%
Tidal Typhoon Pole
32%
La Conquista | Olympians | War of Elysium Varot
32%
B Season 1 | Golden Horizon Winpzi
32%
Golden Horizon 0kBuilder
29%
La Conquista Arrovania
29%
La Conquista Brazilian
29%
GM 3.0 Bumble
29%
Cryptic Forces | Northern Lights Byzo
29%
Olympians | Revenge & Redemption Ultimus Cantonese
29%
Northern Lights Carbon
29%
Grand Mapper Cloud
29%
Northern Lights Concleror
29%
Tidal Typhoon Darth Iron American
29%
B Season 2 (Briswall Breeze) | GM 3.0 | Tidal Typhoon Forian
29%
Tides of the Atlantic Grussian
29%
All-Stars | Tides of the Atlantic Lenny
29%
Northern Lights | Tidal Typhoon leufG
29%
Cryptic Forces | La Conquista Leviathan
29%
Olympians | Revenge & Redemption Ultimus Manx
29%
Northern Lights Marianian
29%
12 MORE Days Nip Dip
29%
Olympians Novum
29%
Cryptic Forces | La Conquista | Revenge & Redemption Ultimus Puerto Rican
29%
Grand Mapper Radiant
29%
Trenches of Terror Red Dragon
29%
Olympians | Trenches of Terror Romanian Kingdom
29%
Cryptic Forces Rovio
29%
Diarchy SDM Arcugos
29%
Tidal Typhoon Sicilian
29%
La Conquista | Olympians Tapoonk
29%
12 EXTRA Days | GM 3.0 Terin
29%
Golden Horizon Wowokthen
29%
Grand Mapper Yeast
29%
Diarchy Amethyst
26%
All-Stars | Revenge and Redemption Constantym
26%
Grand Mapper | Revenge and Redemption Corsium
26%
Cryptic Forces Der Rumanische
26%
Tides of the Atlantic Deutsch
26%
GM 3.0 High Peak
26%
Tidal Typhoon Kerby
26%
David vs. Goliath LongLive
26%
Cryptic Forces | Revenge & Redemption Ultimus Lunar
26%
Diarchy | Grand Mapper Orthodox
26%
Golden Horizon Ritz
26%
GM Star | Northern Lights Sgt. Highway
26%
12 MORE Days Sovetium
26%
12 EXTRA Days Staten Island
26%
Golden Horizon Terosia
26%
B Season 2 (Briswall Breeze) The Forestor
26%
Cryptic Forces Wasakiman
26%
Diarchy Yin Yang
26%
David vs. Goliath Zappod
26%
Diarchy Achaean
23%
Diarchy | Revenge and Redemption Appalachian
23%
12 MORE Days Baby Einstein
23%
Grand Mapper Bashkir
23%
12 MORE Days Bob Sticks
23%
12 EXTRA Days Camosia
23%
Revenge and Redemption Ceplio
23%
Cryptic Forces Dacian
23%
12 EXTRA Days Doctor Ruin
23%
B Season 2 (Briswall Breeze) Dual Play
23%
B Season 2 (Briswall Breeze) Duxelles
23%
Golden Horizon Ekin
23%
Tides of the Atlantic Etiennal
23%
B Season 1 Levant
23%
Diarchy Lorenense
23%
Tides of the Atlantic Mexico
23%
12 EXTRA Days Mixed
23%
12 MORE Days | Northern Lights Neo Saint Columbia
23%
B Season 1 | La Conquista Nuuknein
23%
Golden Horizon Panderman
23%
David vs. Goliath Ryanlandia
23%
Trenches of Terror Sebileanow
23%
All-Stars | Revenge and Redemption | War of Elysium Sirius
23%
GM 3.0 South Kerala
23%
Tidal Typhoon The Rah
23%
GM Star Trent
23%
Trenches of Terror Verge
23%
Revenge and Redemption Wyvern
23%
Golden Horizon Yakko
23%
All-Stars | Northern Lights | Revenge and Redemption Acronium
19%
B Season 1 Bacon
19%
David vs. Goliath Bohavian
19%
Cryptic Forces Dash
19%
Golden Horizon Fire
19%
B Season 1 | La Conquista Flemish
19%
Diarchy HaLL
19%
Cryptic Forces | GM Star Kryptos
19%
B Season 2 (Briswall Breeze) M. Box
19%
Tides of the Atlantic Munyvian
19%
Olympians Orion
19%
Northern Lights | Olympians Paranaense
19%
Golden Horizon Perpetua
19%
Revenge & Redemption Ultimus | Revenge and Redemption Poloniae
19%
All-Stars | Tides of the Atlantic | War of Elysium Qiming
19%
12 Days of Grand Mapper Ruby
19%
Grand Mapper Sachsen
19%
La Conquista | War of Elysium Saxony
19%
Diarchy Slavonic
19%
Tides of the Atlantic Taenian
19%
Olympians Tesseract
19%
B Season 2 (Briswall Breeze) The Grandest Mapper
19%
Northern Lights White Dynamite
19%
Trenches of Terror Aimless
16%
Cryptic Forces Bolivian
16%
David vs. Goliath Dutch Republic
16%
Revenge and Redemption Electric
16%
Golden Horizon European
16%
12 MORE Days Galakc
16%
Cryptic Forces Greek
16%
Revenge & Redemption Ultimus HydreGod
16%
Olympians iiighh
16%
GM 3.0 Ilisian
16%
La Conquista Just K
16%
Olympians Khav'ak
16%
Tides of the Atlantic Lappland
16%
Northern Lights Poke
16%
Cryptic Forces Ruxian
16%
David vs. Goliath Winter
16%
Cryptic Forces Barbell
13%
La Conquista Brittonic
13%
12 EXTRA Days Chespin
13%
Trenches of Terror Chicagoan
13%
B Season 1 Congolese/Zimbar
13%
Northern Lights Finnz
13%
Revenge and Redemption German Empire
13%
Olympians Hussar
13%
Northern Lights Jerseyite
13%
B Season 2 (Briswall Breeze) Jervanian
13%
Olympians Mappeur
13%
Olympians Reich
13%
Tides of the Atlantic Soda
13%
La Conquista Spicy
13%
Cryptic Forces Visegrad
13%
La Conquista Wakean
13%
Northern Lights Will O'Wisp
13%
All-Stars | David vs. Goliath Zenith
13%
Cryptic Forces Diamondic
10%
B Season 1 Elactic
10%
Olympians Holland
10%
Revenge and Redemption Neo Imperial
10%
Olympians Neo-Paladin
10%
Cryptic Forces Snyzyy
10%
12 EXTRA Days Aham (Santa)
6%
12 Days of Grand Mapper AwesomeEden
6%
La Conquista Illyrian
6%
B Season 2 (Briswall Breeze) Marcelito
6%
No matching quizzes found
Score Distribution
Percent of People with Each Score
Percentile by Number Answered
Your Score History
You have not taken this quiz